| 000 | 01730nam0a2200385 4500 | ||
|---|---|---|---|
| 001 | RU\NLR\BIBL_A\022774710 | ||
| 005 | 20260628201154.0 | ||
| 010 |
_a978-5-04-225075-0 _93000 |
||
| 021 |
_aRU _bКН-П-26-010060 _9КН-П-26-0962 |
||
| 035 | _a(NLR Aleph) 022774710 | ||
| 090 |
_a13742233 _c13742233 |
||
| 100 | _a20260403d2026 u y0rusy50 ca | ||
| 101 | 0 | _arus | |
| 102 | _aRU | ||
| 105 | _aa z 000ay | ||
| 181 | 0 |
_ai _baxxe |
|
| 182 | 0 | _an | |
| 200 | 1 |
_aСистема _eтрилогия _fСия Тони _gиллюстрации на вклейках: Sonya Karpi _gвнутренние иллюстрации: Una |
|
| 203 |
_aТекст _bвизуальный _cнепосредственный |
||
| 210 |
_aМосква _cЭксмо, РУ _d2026 (печ. 2025) |
||
| 215 |
_a893 с., [4] л. цв. ил. _cил. _d22 |
||
| 225 | 1 | _aЭксперимент любви. Романтическое фэнтези Сии Тони | |
| 309 | _aКн. обрез с раскраской | ||
| 320 | _aДругие кн. авт. на 2-й с. | ||
| 327 | 1 | _aСодерж.: Система: Эсперимент ; Система: Искушение ; Система: Искупление | |
| 333 | _a18+ | ||
| 686 | 2 | _aШ6(2=Р)8-445 | |
| 700 | 1 |
_7ca _8rus _aТони _bС. _gСия _92648175 _3RU\NLR\AUTH\770276208 |
|
| 702 | 0 |
_4440 _7ba _8und _aKarpi _bS. _f2003- _gSonya _92713822 _3RU\NLR\AUTH\770295215 |
|
| 702 | 0 |
_4440 _7ba _8und _aUna _cпсевдоним _92713945 _3RU\NLR\AUTH\770295223 |
|
| 942 | _cBOOK | ||
| 980 | _aNB | ||